Business Model Design and Learning: A Strategic Guide Strategic Management (Record no. 46584)

MARC details
000 -LEADER
fixed length control field 00544nam a22001697a 4500
005 - DATE AND TIME OF LATEST TRANSACTION
control field 20260514111721.0
008 - FIXED-LENGTH DATA ELEMENTS--GENERAL INFORMATION
fixed length control field 260514b |||||||| |||| 00| 0 eng d
020 ## - INTERNATIONAL STANDARD BOOK NUMBER
International Standard Book Number Business Model Design and Learning: A Strategic Guide
041 ## - LANGUAGE CODE
Language code of text/sound track or separate title Eng
082 ## - DEWEY DECIMAL CLASSIFICATION NUMBER
Classification number 658.4012 SPE
100 ## - MAIN ENTRY--PERSONAL NAME
Author Spencer, Barbara
245 ## - TITLE STATEMENT
Title Business Model Design and Learning: A Strategic Guide Strategic Management
260 ## - PUBLICATION, DISTRIBUTION, ETC.
Place New York
Publisher Business Expert Press
Publication Year 2013
300 ## - PHYSICAL DESCRIPTION
Extent 138;. P. 23 cm
650 ## - SUBJECT ADDED ENTRY--TOPICAL TERM
Subject Strategic Management; Business enterprises
942 ## - ADDED ENTRY ELEMENTS (KOHA)
Koha item type Books
Holdings
Withdrawn status Lost status Source of classification or shelving scheme Damaged status Not for loan Home library Current library Shelving location Accession Date Vendor Price Bill number Total Checkouts Full call number Barcode No Date last seen Discount Cost, replacement price Bill Date Koha item type Suggested By
    Dewey Decimal Classification     IMTN IMTN Rack 28-B 05/14/2026 Raghav Books Private Limited 2093.45 2630   658.4012 SPE 34051 05/14/2026 33 1402.61 04/30/2026 Books Recommended by Dr. Ishwar Kumar
Designed & Maintained by: LRC IMT Nagpur Contact: lrc@imtnag.ac.in© 2024. All Rights Reserved.